ბათუმის შოთა რუსთაველის სახელმწიფო უნივერსიტეტის ბიბლიოთეკა

მენეჯერული ეკონომიკა = Managerial economics : (ბიბ.ჩანაწერი № 58531)

000 -ლიდერი
ფიქსირებული სიგრძის საკონტროლო ველი 02390nam a22003017a 4500
003 - საკონტროლო ნომრის იდენტიფიკატორი
საკონტროლო ველი Ge_BSU
005 - ბოლო ოპერაციის თარიღი და დრო
საკონტროლო ველი 20220525122248.0
008 - ფიქსირებული სიგრძის მონაცემთა ელემენტები - ზოგადი ინფორმაცია
ფიქსირებული სიგრძის საკონტროლო ველი 220525s2019 ge ||||| |||| 00| 0 geo d
020 ## - წიგნის საერთაშორისო სტანდარტული ნომერი
International Standard Book Number 9789941138416
041 ## - ენის კოდი
Language code of text/sound track or separate title geo
080 ## - უნივერსალური ათობითი კლასიფიკაციის ინდექსი
Universal Decimal Classification number 338.24 + 005.5 კ-56
100 ## - მთავარი ჩანაწერი - პიროვნების სახელი
Personal name კიტი, პოლ გ.
9 (RLIN) 13840
245 ## - ცნობა სათაურის შესახებ
Title მენეჯერული ეკონომიკა = Managerial economics :
Remainder of title ეკონომიკური ინსტრუმენტები თანამედროვე მენეჯერებისთვის /
Statement of responsibility, etc პოლ გ. კიტი, ფილიპ კ. ი. იანგი, სტივენ ი. ერფელი; მთავარი რედაქტორი ეთერ ხარაიშვილი, რედაქტორი ინეზა გაგნიძე, მარინა ჩავლეიშვილი, თამარ ლაზარიაშვილი; მთარგმნელი ია ნაცვლიშვილი, თენგიზ თაქთაქიშვილი, ნინო საღარეიშვილი.
250 ## - გამოცემის ცნობა
Edition statement მეშვიდე გამოცემა
264 ## - წარმოების, გამოცემის, დისტრიბუციის და სხვა ცნობები
გამოცემის, წარმოების, დისტრიბუციის... ადგილი თბილისი :
გამოცემის, წარმოების, დისტრიბუციის... სახელწოდება თბილისის უნივერსიტეტის გამომცემლობა,
გამოცემის, წარმოების, დისტრიბუციის... თარიღი 2019.
300 ## - ფიზიკური აღწერა
Extent 665 გვ. :
Other physical details ნახ. ;
Dimensions 27 სმ.
653 ## - INDEX TERM--UNCONTROLLED
Uncontrolled term მენეჯერული ეკონომიკა.
700 ## - ADDED ENTRY--PERSONAL NAME
Personal name იანგი, ფილიპ კ. ი.
Relator term ავტორი
9 (RLIN) 13841
700 ## - ADDED ENTRY--PERSONAL NAME
Personal name ერფელი, სტივენ ი.
Relator term ავტორი
9 (RLIN) 13842
700 ## - ADDED ENTRY--PERSONAL NAME
Personal name ხარაიშვილი, ეთერ
Relator term მთ. რედაქტორი
9 (RLIN) 2000
700 ## - ADDED ENTRY--PERSONAL NAME
Personal name გაგნიძე, ინეზა
Relator term რედაქტორი
9 (RLIN) 12287
700 ## - ADDED ENTRY--PERSONAL NAME
Personal name ჩავლეიშვილი, მარინა
Relator term რედაქტორი
9 (RLIN) 13843
700 ## - ADDED ENTRY--PERSONAL NAME
Personal name ლაზარიაშვილი, თამარ
Relator term რედაქტორი
9 (RLIN) 13844
700 ## - ADDED ENTRY--PERSONAL NAME
Personal name ნაცვლიშვილი, ია
Relator term მთარგმნელი
9 (RLIN) 13845
700 ## - ADDED ENTRY--PERSONAL NAME
Personal name თაქთაქიშვილი, თენგიზ
Relator term მთარგმნელი
9 (RLIN) 13846
700 ## - ADDED ENTRY--PERSONAL NAME
Personal name საღარეიშვილი, ნინო
Relator term მთარგმნელი
9 (RLIN) 13847
942 ## - ADDED ENTRY ELEMENTS (KOHA)
Source of classification or shelving scheme
Koha item type წიგნი
ეგზემპლარები
ჩამოწერის სტატუსი დაკარგული ეგზემპლარის სტატუსი კლასიფიკაციის წყარო ან თაროზე გაწყობის სქემა დაზიანების სტატუსი არ გაიცემა მუდმივი მდებარეობა (დაცვის ადგილი) ამჟამინდელი ადგილსამყოფელი თაროზე განთავსების ადგილი შეძენის თარიღი ღირებულება, შესყიდვის ნორმალური ფასი სრული შენახვის შიფრი შტრიხკოდი ბოლო ოპერაციის თარიღი ეგზემპლარის მიმდევრობითი ნომერი (კეტერი?) ფასის ძალაში შესვლის თარიღი ეგზემპლარის სახეობა საჯარო შენიშვნა
          ბათუმის შოთა რუსთაველის სახელმწიფო უნივერსიტეტის მთავარი ბიბლიოთეკა ბათუმის შოთა რუსთაველის სახელმწიფო უნივერსიტეტის მთავარი ბიბლიოთეკა წიგნსაცავი 2022-05-25 60.00 338.24 + 005.5 კ-56 62463 2022-05-25 62463 2022-05-25 წიგნი 60 ლ.
          ბათუმის შოთა რუსთაველის სახელმწიფო უნივერსიტეტის მთავარი ბიბლიოთეკა ბათუმის შოთა რუსთაველის სახელმწიფო უნივერსიტეტის მთავარი ბიბლიოთეკა წიგნსაცავი 2022-06-23 72.00 338.24 + 005.5 კ-56 62830 2022-06-23 62830 2022-06-23 წიგნი 72 ლ.
          ბათუმის შოთა რუსთაველის სახელმწიფო უნივერსიტეტის მთავარი ბიბლიოთეკა ბათუმის შოთა რუსთაველის სახელმწიფო უნივერსიტეტის მთავარი ბიბლიოთეკა წიგნსაცავი 2022-06-23 72.00 338.24 + 005.5 კ-56 62831 2022-06-23 62831 2022-06-23 წიგნი 72 ლ.
          ბათუმის შოთა რუსთაველის სახელმწიფო უნივერსიტეტის მთავარი ბიბლიოთეკა ბათუმის შოთა რუსთაველის სახელმწიფო უნივერსიტეტის მთავარი ბიბლიოთეკა წიგნსაცავი 2022-06-23 72.00 338.24 + 005.5 კ-56 62832 2022-06-23 62832 2022-06-23 წიგნი 72 ლ.
          ბათუმის შოთა რუსთაველის სახელმწიფო უნივერსიტეტის მთავარი ბიბლიოთეკა ბათუმის შოთა რუსთაველის სახელმწიფო უნივერსიტეტის მთავარი ბიბლიოთეკა წიგნსაცავი 2022-06-23 72.00 338.24 + 005.5 კ-56 62833 2022-06-23 62833 2022-06-23 წიგნი 72 ლ.
          ბათუმის შოთა რუსთაველის სახელმწიფო უნივერსიტეტის მთავარი ბიბლიოთეკა ბათუმის შოთა რუსთაველის სახელმწიფო უნივერსიტეტის მთავარი ბიბლიოთეკა წიგნსაცავი 2022-06-23 72.00 338.24 + 005.5 კ-56 62834 2022-06-23 62834 2022-06-23 წიგნი 72 ლ.